|
|
|
|
| LEADER |
00000cam a2200000 a 4500 |
| 001 |
vtls001139732 |
| 003 |
SK-MaSNL |
| 005 |
20260504134213.0 |
| 008 |
250414s1983 enk grd 000 0ceng |
| 020 |
|
|
|q (brož.)
|
| 035 |
|
|
|a SNK000082585
|
| 040 |
|
|
|a SNK
|b slo
|c SNK
|e AACR2
|
| 041 |
0 |
|
|a eng
|
| 044 |
|
|
|a enk
|c GB
|
| 072 |
|
7 |
|a 929
|x Biografie
|2 konspekt
|
| 072 |
|
7 |
|a 57
|x Všeobecná biológia
|2 konspekt
|
| 080 |
|
|
|a 57:929(03)=20
|2 1981
|
| 080 |
|
|
|a 929(03)=20
|2 1981
|
| 080 |
|
|
|a 03
|2 1981
|
| 080 |
|
|
|a 57
|2 1981
|
| 080 |
|
|
|a 929=20
|2 1981
|
| 080 |
|
|
|a 573-055.1
|2 2011
|
| 080 |
|
|
|a (031)929
|2 2011
|
| 245 |
0 |
0 |
|a Biologists
|c general editor David Abbott
|
| 260 |
|
|
|a London
|b Frederick Muller
|c 1983
|
| 300 |
|
|
|a 182
|c 4°
|
| 490 |
1 |
|
|a The biographical dictionary of scientists
|
| 650 |
0 |
7 |
|a biológovia
|2 SNKPH
|9 92343
|
| 655 |
|
7 |
|a biografické slovníky
|2 SNKPH
|9 51960
|
| 700 |
1 |
|
|a Abbott, David,
|d 1937-
|4 edt
|9 208947
|
| 830 |
|
0 |
|a The biographical dictionary of scientists
|9 1638125
|
| 850 |
|
|
|a Slovenská národná knižnica
|
| 852 |
|
|
|a Slovenská národná knižnica
|
| 954 |
|
|
|a odborná, vedecká literatúra cudzojazyčná (svetová)
|2 lita
|
| 958 |
|
|
|a OND
|
| 958 |
|
|
|a TL
|
| 958 |
|
|
|a BC
|
| 958 |
|
|
|a GB
|
| 999 |
|
|
|c 536409
|d 538339
|
| 952 |
|
|
|t snkBIO 57:929
|a SNKUST
|b SNKUST
|y PREZ
|7 0
|p 17A0081039
|o snkIB 55376
|i snkZK 392/85
|8 4
|0 0
|1 0
|4 0
|d 1998-03-31
|l 0
|r 2025-03-21 00:00:00
|w 2026-02-23
|